El Louvre (Record no. 184223)

MARC details
000 -LEADER
campo de control de longitud fija 01056nam a2200301 i 4500
001 - NÚMERO DE CONTROL
campo de control 184223
003 - IDENTIFICADOR DE NÚMERO DE CONTROL
campo de control ES-MaACL
005 - FECHA Y HORA DE LA ÚLTIMA TRANSACCIÓN
campo de control 20230906222119.0
008 - DATOS DE LONGITUD FIJA--INFORMACIÓN GENERAL
campo de control de longitud fija 150522s1973 sp ao e |||| |dspa d
020 ## - NÚMERO INTERNACIONAL ESTÁNDAR DEL LIBRO
Número Internacional Estándar del Libro 84-7017-376-6
080 ## - NÚMERO DE LA CLASIFICACIÓN DECIMAL UNIVERSAL
Número de la Clasificación Decimal Universal 7:069(443.61 P.)Louvre
245 03 - MENCIÓN DEL TÍTULO
Título El Louvre
Resto del título : París /
Mención de responsabilidad, etc. [textos de Gigetta dalli Regoli ... [et al.] ; traducción de Máximo Cortini].
246 34 - FORMA VARIANTE DEL TITULO
Título propio/Titulo breve Enciclopedia de los museos
260 ## - PUBLICACIÓN, DISTRIBUCIÓN, ETC.
Lugar de publicación, distribución, etc. Barcelona :
Nombre del editor, distribuidor, etc. Argos,
Fecha de publicación, distribución, etc. [1973]
300 ## - DESCRIPCIÓN FÍSICA
Extensión 172 p. :
Otras características físicas il. col., fot. ;
Dimensiones 29 cm.
490 1# - MENCIÓN DE SERIE
Mención de serie Enciclopedia de los Museos ;
Designación de volumen o secuencia 3
500 ## - NOTA GENERAL
Nota general Índices.
504 ## - NOTA DE BIBLIOGRAFÍA, ETC.
Nota de bibliografía, etc. Bibliografía: p. 168.
594 ## - Nota al título y mención de responsabilidad
Nota al título y mención de responsabilidad Presentación, Jean Chatelain.
610 24 - PUNTO DE ACCESO ADICIONAL DE MATERIA--NOMBRE DE ENTIDAD CORPORATIVA
Nombre de entidad corporativa o nombre de jurisdicción como elemento de entrada Musée du Louvre.
9 (RLIN) 5813
700 1# - ENTRADA AGREGADA--NOMBRE PERSONAL
Nombre de persona Dalli Regoli, Gigetta.
9 (RLIN) 156879
700 1# - ENTRADA AGREGADA--NOMBRE PERSONAL
Nombre de persona Cortini, Máximo.
9 (RLIN) 40954
700 1# - ENTRADA AGREGADA--NOMBRE PERSONAL
Nombre de persona Chatelain, Jean.
9 (RLIN) 38183
830 0# - PUNTO DE ACCESO ADICIONAL DE SERIE-TÍTULO UNIFORME
Título uniforme Enciclopedia de los Museos ;
Designación de volumen o secuencia 3
9 (RLIN) 192084
852 ## - LOCALIZACIÓN
Ubicación ES-MaACL
Número de control de estantería E-15633
Nota libre - enc. guaflex
852 ## - LOCALIZACIÓN
Ubicación ES-MaACL
Número de control de estantería L-30408
Nota libre - enc. guaflex
-- . - Donat. Miguel A. Velasco
Holdings
Estatus retirado Estado de pérdida Estado de daño No para préstamo Biblioteca de origen Biblioteca actual Ubicación en estantería Fecha de adquisición Fuente de adquisición Total de préstamos Signatura topográfica completa Código de barras Visto por última vez Precio de reemplazo Tipo de ítem Koha
        Biblioteca del Ateneo de Madrid Biblioteca del Ateneo de Madrid Depósito 2 22/05/2015     E-15633 1193786 23/02/2023 23/02/2023 Libro impreso
        Biblioteca del Ateneo de Madrid Biblioteca del Ateneo de Madrid Depósito 2 24/06/2016     L-30408 1195492 23/02/2023 23/02/2023 Libro impreso